000 00300nam a22001337a 4500
008 170315b xxu||||| |||| 00| 0 eng d
020 _a9780801664120
041 _aeng
080 _a611
100 _a7
101 _aSHM
245 _aTHE HUMAN BODY HELTHA DISEASE
_cTHIBODEAU.C.A
942 _2udc
_cBK
999 _c7839
_d7839